| 000 | 00346nam a2200145Ia 4500 | ||
|---|---|---|---|
| 008 | 230917s9999||||xx |||||||||||||| ||und|| | ||
| 040 |
_e220493 _aMAIN |
||
| 041 | _aEnglish | ||
| 082 | _a181.4 T188D | ||
| 100 | _aTater, Sohan Raj | ||
| 245 | 0 | _aDarshan-path | |
| 260 |
_aJaipur _bNikhil Prakashan _c2014 |
||
| 300 | _axv, 296 p. | ||
| 942 | _cBK | ||
| 999 |
_c168094 _d168094 |
||